Into the Woods Characters - Statistics

General Stats
  • This quiz has been taken 181 times
  • The average score is 14 of 24
Answer Stats
Answer % Correct
Cinderella
98%
The Baker
98%
The Baker's Wife
97%
Jack
96%
Rapunzel
89%
Witch
89%
Little Red Ridinghood
83%
Wolf
75%
Jack's Mother
69%
The Giant
69%
Cinderella's Prince
66%
Rapunzel's Prince
65%
Milky White
61%
Narrator
50%
Cinderella's Stepmother
46%
Granny
41%
Lucinda
39%
Cinderella's Father
37%
Cinderella's Mother
34%
Florinda
34%
Mysterious Man
32%
Steward
29%
Snow White
28%
Sleeping Beauty
24%
No matching quizzes found
Score Distribution
Percent of People with Each Score
Percentile by Number Answered
Your Score History
You have not taken this quiz